00494nam a22001697a 450000500170000001000150001702000260003203500130005803700130007108200100008410000150009424500620010926000440017127000360021530000230025150000500027420130614122707.0 aENG-107421 a9788183163132c900.00 aEN-90954 bDBAD/PUB a372.3 aAmeeta, P. aTechniques of teaching biological science /cby P. Ameeta aHyderabadbNeelkamal Publicationsc2012 aSultan BazarbHyderabade500095 axi,444p.c23cm(Hb) aIncludes bibliographical references and index